00629pam a2200229 a 450000100070000000500170000700800410002401000170006502000150008204000230009704100080012006000160012808000150014408200190015910000060017810100080018424500820019250400510027490600450032594200120037099900170038256357520171221081759.0891113s1990 paua b 001 0 eng c a 89013618  a0397507224 aDNLM/DLCcDLCdDLC aeng aWW 475 E975 a617.71 GOL00a617.71 GOL220 a8 aOFT04aThe Eye in systemic disease /cedited by Daniel H. Gold, Thomas A. Weingeist. aIncludes bibliographical references and index. a7bcbccorignewd1eocipf19gy-gencatlg 2ddccBK c39274d39274